00990nam a22002777a 4500999001300000001000600013003000900019005001700028008004100045010001700086020001800103020001500121040002800136082002000164100001800184245004500202250001200247260004600259300004700305500002000352650004000372650001900412942001200431952013600443952013300579 c184d18420638BD-DhUAP20200119122336.02001 s2019 nyua 001 0 eng  a 2011002923 a9781292225753 a1292225750 aDLCcDLCdBD-DhUAPbEng00223a005.133 GAD1 aGaddis, Tony.10aStarting out with Python /cTony Gaddis. a4th ed. aBoston :bPearson Addison-Wesley,cc2019. axvii, 611 pages :billustrations ;c26 cm. aIncludes index. 0aPython (Computer program language). 02Programmering. 2ddccBK 00102ddc4070aUAPCLbUAPCLcGeneral Stacksd2020-01-19l2m1o005.133 GADp3010020638r2022-08-01s2022-07-24t1w2020-01-19yBK 00102ddc4070aUAPCLbUAPCLcGeneral Stacksd2020-01-19l4o005.133 GADp3010020639r2025-03-02s2025-01-27t2w2020-01-19yBK